[Event "FRA Top 16 Higher Pool U16"]
[Site "France"]
[Date "2022.06.04"]
[Round "1.6"]
[White "Boulos, Paul"]
[Black "Ramazanov, Deniz"]
[Result "1-0"]
[WhiteElo "1912"]
[BlackElo "1654"]
[PlyCount "91"]
[EventDate "2022.06.04"]
[EventType "tourn"]
[EventRounds "4"]
[EventCountry "FRA"]
[SourceTitle "EXT 2023"]
[Source "ChessBase"]
[SourceDate "2022.10.05"]
[SourceVersion "1"]
[SourceVersionDate "2022.10.05"]
[SourceQuality "1"]

1. e4 c5 2. Nc3 Nc6 3. g3 g6 4. Bg2 Bg7 5. d3 d6 6. Be3 Nf6 7. h3 0-0 8. Qd2 e6 9. Nge2 Re8 10. 0-0 Bf8 11. d4 cxd4 12. Nxd4 Ne5 13. Qe2 Bd7 14. f4 Nc6 15. Rad1 Nh5 16. Qf2 a6 17. g4 Ng7 18. f5 exf5 19. exf5 Ne5 20. fxg6 fxg6 21. Bxb7 Rb8 22. Bd5+ Kh8 23. Bf4 Qb6 24. Bg5 Be6 25. b3 Qc5 26. Nxe6 Nxe6 27. Bf6+ Bg7 28. Bxg7+ Kxg7 29. Ne4 Nf3+ 30. Kh1 Qxf2 31. Rxf2 Nfg5 32. Nxd6 Re7 33. Kg2 Rd8 34. Bxe6 Rxe6 35. Nf5+ gxf5 36. Rxd8 fxg4 37. hxg4 Re4 38. Kg3 Re1 39. Rd7+ Kg8 40. Rf4 Ne4+ 41. Kf3 Ng5+ 42. Kf2 Re8 43. Rfd4 Rf8+ 44. Ke2 Re8+ 45. Kd1 Nf3 46. Rd8 1-0

[Event "FRA-ch U12"]
[Site "Agen"]
[Date "2022.04.21"]
[Round "6"]
[White "Boulos, Paul"]
[Black "Lefrancois, Jean"]
[Result "1/2-1/2"]
[WhiteElo "1909"]
[BlackElo "1576"]
[PlyCount "155"]
[EventDate "2022.04.16"]
[EventType "swiss"]
[EventRounds "9"]
[EventCountry "FRA"]
[SourceTitle "EXT 2023"]
[Source "ChessBase"]
[SourceDate "2022.10.05"]
[SourceVersion "1"]
[SourceVersionDate "2022.10.05"]
[SourceQuality "1"]

1. e4 e5 2. Nf3 Nc6 3. Nc3 Nf6 4. Bb5 Nd4 5. 0-0 Nxf3+ 6. Qxf3 c6 7. Be2 d6 8. d3 g6 9. Bg5 Bg7 10. Qg3 h6 11. Bd2 0-0 12. Kh1 d5 13. Rad1 g5 14. h3 Re8 15. Qh2 Be6 16. g3 Nh7 17. f4 d4 18. Nb1 exf4 19. gxf4 f6 20. Bh5 Re7 21. a3 c5 22. h4 Qc7 23. Rg1 Rf8 24. Rg2 Bf7 25. Bf3 c4 26. Rdg1 Rfe8 27. hxg5 fxg5 28. fxg5 hxg5 29. Bxg5 Nxg5 30. Rxg5 Qxh2+ 31. Kxh2 Be6 32. Bg4 Bxg4 33. R5xg4 Rc8 34. R1g2 Kf8 35. Nd2 c3 36. bxc3 Rxc3 37. Nb3 Rec7 38. Rf4+ Ke8 39. Rff2 b6 40. a4 a6 41. Kh3 Rf7 42. Rxf7 Kxf7 43. Kg4 Rc6 44. Kf3 b5 45. axb5 axb5 46. Na5 Rf6+ 47. Ke2 Ra6 48. Nb3 b4 49. Rxg7+ Kxg7 50. Nxd4 Kf6 51. Kd2 Ke5 52. Nb3 Rc6 53. Kc1 Rc7 54. Kb2 Rc6 55. Na5 Rc5 56. Nc4+ Kd4 57. Kb3 Rb5 58. Nd6 Rb8 59. Nf5+ Ke5 60. Ne7 Kd6 61. Nd5 Kc5 62. Nc7 Kb6 63. Ne6 Re8 64. Ng7 Rg8 65. Nf5 Rc8 66. Kxb4 Rxc2 67. e5 Rf2 68. Nd6 Rf4+ 69. Nc4+ Kc6 70. e6 Rf6 71. e7 Re6 72. Na5+ Kd7 73. d4 Kxe7 74. d5 Re1 75. Kc5 Rc1+ 76. Nc4 Rd1 77. d6+ Rxd6 78. Nxd6 1/2-1/2

[Event "FRA-ch U12"]
[Site "Agen"]
[Date "2022.04.18"]
[Round "2"]
[White "Boulos, Paul"]
[Black "Six, Robert"]
[Result "1/2-1/2"]
[WhiteElo "1909"]
[BlackElo "1434"]
[PlyCount "96"]
[EventDate "2022.04.16"]
[EventType "swiss"]
[EventRounds "9"]
[EventCountry "FRA"]
[SourceTitle "EXT 2023"]
[Source "ChessBase"]
[SourceDate "2022.10.05"]
[SourceVersion "1"]
[SourceVersionDate "2022.10.05"]
[SourceQuality "1"]

1. e4 e5 2. Nf3 Nc6 3. Nc3 Nf6 4. Bb5 Nd4 5. 0-0 c6 6. Bc4 d5 7. exd5 cxd5 8. Nxd4 dxc4 9. Nf3 Bd6 10. Re1 Bg4 11. d4 cxd3 12. Qxd3 Bxf3 13. Qxf3 Qb6 14. Qf5 0-0 15. Bg5 Bc7 16. Re3 Qe6 17. Qf3 Bb6 18. Re2 Qg4 19. Qxg4 Nxg4 20. h3 Nxf2 21. Kh2 f5 22. Bh4 Ne4 23. Nxe4 fxe4 24. Rxe4 Rf4 25. Rae1 Bf2 26. Bxf2 Rxf2 27. Rxe5 Rxc2 28. Rb5 b6 29. Re7 h6 30. Rb4 Kf8 31. Rd7 Rc6 32. Rg4 g5 33. Re4 a5 34. Rh7 Kg8 35. Rb7 Rac8 36. Kg3 Rf8 37. Ree7 Rg6 38. Kg4 Rf4+ 39. Kh5 Rc6 40. g3 Rff6 41. Re8+ Rf8 42. Rxf8+ Kxf8 43. Rh7 Rc2 44. Rxh6 Rxb2 45. a4 b5 46. axb5 Rxb5 47. Kg4 Kg7 48. Ra6 Rc5 1/2-1/2

[Event "FRA-ch U12"]
[Site "Agen"]
[Date "2022.04.16"]
[Round "1"]
[White "Gadois, Arnaud"]
[Black "Boulos, Paul"]
[Result "0-1"]
[WhiteElo "1296"]
[BlackElo "1909"]
[PlyCount "62"]
[EventDate "2022.04.16"]
[EventType "swiss"]
[EventRounds "9"]
[EventCountry "FRA"]
[SourceTitle "EXT 2023"]
[Source "ChessBase"]
[SourceDate "2022.10.05"]
[SourceVersion "1"]
[SourceVersionDate "2022.10.05"]
[SourceQuality "1"]

1. e4 c5 2. Nf3 e6 3. d4 cxd4 4. Nxd4 Nf6 5. Nc3 Nc6 6. Nxc6 bxc6 7. e5 Nd5 8. Ne4 Bb7 9. c4 Nb4 10. a3 Qa5 11. Bd2 Qxe5 12. axb4 Qxe4+ 13. Qe2 Qxe2+ 14. Kxe2 c5 15. bxc5 Bxc5 16. Bc3 0-0 17. h4 d5 18. b4 Be7 19. cxd5 Bxd5 20. Rh3 Rfc8 21. Rg3 f6 22. f4 Rc4 23. Bd2 Bxb4 24. Be3 Rc2+ 25. Kd1 Bb3 26. Rb1 Rd8+ 27. Bd4 Rxd4+ 28. Bd3 Rd2+ 29. Kc1 R4xd3 30. Rxb3 Rd1+ 31. Kc2 R3d2# 0-1